LEADER 00849nam a2200217 i 4500 001 000000151954 003 CaOOAMICUS 005 20060719000000.0 008 060719n it u000 u ita u 013 $a129295 040 $aSeMil$bita 100 1 $aBandera, Luigi,$c.$0(OLS)http://semarc/name/42049 245 10$aIlluminami /$cLuigi Bandera. - [19--] (Milano : Tipografia Sady Francinetti) 260 $a[S.l. :$bs.n.],$c[19--]$e(Milano :$fTipografia Sady Francinetti ,$g[19--]) 300 $a47 p. ;$c18 cm. 650 4$aPreghiere.$0(OLS)http://semarc/subject/5862 850 $aSeMil 852 $aSeMil$W1$xVenegono$y1$m5D V 12/4$j103932$B103932$CSeMilBibl$Z2$F112994 $81 961 $aRecupero: Altro 996 $6245$aIlluminami$9(OLS)http://semarc/title/222123 996 $6260$a[S.l. :$bs.n.]$9(OLS)http://semarc/publisher/29751 LEADER 01156nam a2200229 4500 001 000000350859 003 CaOOAMICUS 005 20220712103221.0 008 220707s1825 fr 000 u fre r 026 $ee.ui n.e- esdu qude (3) 1825 (A) 040 $aSeMil$bita 100 11$aTasso, Torquato,$d<1544-1595>.$0(OLS)http://semarc/name/1240 245 10$aTome 2. 264 1$aLons-le-Saunier :$bchez Escalle et comp., libraires,$c1825. 300 $a[4], 194 p. ;$c18° 500 $aSegn.: ?² M? B¹² C? D¹² E? F¹² G? 'G¹² H? I¹² K? L¹ 773 0 $aTasso, Torquato <1544-1595>$tJe?rusalem de?livre?e, poëme traduit de l'italien.$dLons-le-Saunier : chez Escalle et comp., libraires, 1825 (Lons-Le-Saunier : Imprimerie de Gauthier)$bNouvelle e?dition, revue, corrige?e et enrichie de la Vie du Tasse$g2$w()350857 850 $aSeMil 852 $aSeMil$W1$xVenegono$y1$m2ZB IX 34 FA$j233507$B241900$CSeMilBibl$Z2$F241900 $8I 996 $6245$aTome 2$9(OLS)http://semarc/title/1533 996 $6264$aLons-le-Saunier :$bchez Escalle et comp., libraires$9(OLS)http://semarc/publisher/60493